000
00291nam a22001337a 4500
008
171013b xxu||||| |||| 00| 0 eng d
020
_a
9780131113916
041
_a
eng
080
_a
316
100
_a
50
101
_a
soc
245
_a
MEDICAL SOCIOLOGY
_c
COCKERHAM, W.C
942
_2
udc
_c
BK
999
_c
33679
_d
33679